| 000 | 01039nmm a2200289 a 4500 | ||
|---|---|---|---|
| 001 | ocm0001864750 | ||
| 003 | TR-IsHL | ||
| 005 | 20201028171916.0 | ||
| 008 | 180414s2017 tu eng | ||
| 007 | cr cn | ||
| 020 | _a9786059496193 | ||
| 035 |
_a1864750 _b(N$T) |
||
| 050 | 0 | 4 |
_aPQ6603.L2 _bM8413 2017 |
| 090 | 0 | 4 |
_aPQ6603.L2 _bM8413 2017 |
| 100 | 1 | _aIbanez, Vicente Blasco | |
| 245 | 1 | 0 |
_aThe dead command: novel _h[electronic resource] / _cVicente Blasco Ibanez ; translator Frances Douglas |
| 260 |
_aİstanbul : _be-Kitap Projesi & Cheapest Books, _c2017 |
||
| 300 | _a374 p. | ||
| 500 |
_a[Özgün yapıt adı : Muertos mandan] _xDeath will never forget.. _x |
||
| 650 | 4 | _aDil ve Edebiyat | |
| 650 | 4 | _aLanguage and Literature | |
| 650 | 0 | _aİspanyol edebiyatı | |
| 650 | 0 | _aSpanish literature | |
| 650 | 7 |
_aLITERARY COLLECTIONS / European / Spanish & Portuguese _2bisacsh |
|
| 700 | 1 | _aDouglas, Frances | |
| 856 | 4 | 0 | _uhttp://search.ebscohost.com/login.aspx?direct=true&scope=site&db=e011xww&AN=1864750 |
| 999 |
_c16938 _d16938 |
||